01080nam a2200229 a 4500001000200000003000400002005001700006008004100023040002600064082002900090100003000119245008600149250001100235260004200246300002000288500025600308650006500564650006100629651004800690651006100738730005100799 OSt20220715133816.0090713s1989 dr r 000 0 spa d aDO-SdBNPbspacBPMSU  a972.9304bB742p 19892221 a Bosch, Juan, d1909-200113aLa pequeña burguesia en la historia de la República Dominicana /cJuan Bosch. a3a ed. aSanto Domingo :bAlfa y Omega,c1989. a99 p. ;c21 cm. a"La pequeña burguesía en la historia de la República Dominicana fue escrita en 24 capítulos que su autor publicó entre agosto de 1984 y enero de 1985 en el semanario Vanguardia del Pueblo, órgano del Partido de la Liberación Dominicana." 4aClases socialeszRepública DominicanaxHistoriaySiglo XIX 4aBurguesíazRepública DominicanaxHistoriaySiglo XIX 4aRepública DominicanaxHistoriay1844-1861 4aRepública DominicanaxPolítica y gobiernoy1844-186102aVanguardia del Pueblo (República Dominicana)